000 00284nam a22001337a 4500
008 170320b xxu||||| |||| 00| 0 eng d
020 _a9780683089066
041 _aeng
080 _25TH
_a616.8
100 _a7
101 _aSHM
245 _aNEUROLOGY
_cWEINER, H.L
942 _2udc
_cBK
999 _c8070
_d8070